[Event "European Individual Chess Championship 2017"]
[Site "?"]
[Date "2017.06.08"]
[Round "9.63"]
[White "Leko, Peter"]
[Black "Sanal, Vahap"]
[Result "1-0"]
[BlackElo "2533"]
[WhiteElo "2703"]
[LiveChessVersion "1.4.8"]

1. d4 {[%clk 1:30:53]} Nf6 {[%clk 1:30:21]} 2. c4 {[%clk 1:31:01]} e6
{[%clk 1:30:31]} 3. Nf3 {[%clk 1:31:25]} b6 {[%clk 1:30:32]} 4. g3
{[%clk 1:31:47]} Bb7 {[%clk 1:30:39]} 5. Bg2 {[%clk 1:32:08]} Be7
{[%clk 1:31:03]} 6. O-O {[%clk 1:32:31]} O-O {[%clk 1:31:24]} 7. Nc3
{[%clk 1:32:58]} Ne4 {[%clk 1:31:40]} 8. Bd2 {[%clk 1:33:23]} Bf6
{[%clk 1:30:54]} 9. Rc1 {[%clk 1:33:41]} Nxd2 {[%clk 1:25:44]} 10. Qxd2
{[%clk 1:32:50]} d6 {[%clk 1:25:59]} 11. d5 {[%clk 1:33:09]} e5 {[%clk 1:26:17]}
12. e4 {[%clk 1:33:02]} g6 {[%clk 1:22:41]} 13. h4 {[%clk 1:32:46]} Nd7
{[%clk 1:22:05]} 14. h5 {[%clk 1:27:52]} a5 {[%clk 1:13:50]} 15. Bh3
{[%clk 1:27:51]} Nc5 {[%clk 1:12:03]} 16. Kg2 {[%clk 1:26:31]} Bg7
{[%clk 1:06:57]} 17. Rh1 {[%clk 1:21:44]} a4 {[%clk 0:52:03]} 18. Rh2
{[%clk 1:08:54]} Ba6 {[%clk 0:51:52]} 19. hxg6 {[%clk 0:51:03]} hxg6
{[%clk 0:44:34]} 20. Qe2 {[%clk 0:50:57]} f5 {[%clk 0:43:48]} 21. Nd2
{[%clk 0:29:57]} Bc8 {[%clk 0:31:34]} 22. Kh1 {[%clk 0:23:43]} Qf6
{[%clk 0:22:01]} 23. exf5 {[%clk 0:19:03]} gxf5 {[%clk 0:20:32]} 24. g4
{[%clk 0:18:39]} f4 {[%clk 0:12:50]} 25. Nde4 {[%clk 0:13:09]} Qg6
{[%clk 0:11:52]} 26. f3 {[%clk 0:13:30]} Nxe4 {[%clk 0:11:06]} 27. Nxe4
{[%clk 0:11:30]} Kf7 {[%clk 0:11:26]} 28. Bf1 {[%clk 0:11:15]} Bd7
{[%clk 0:10:37]} 29. Qe1 {[%clk 0:09:44]} Rh8 {[%clk 0:10:26]} 30. Rcc2
{[%clk 0:10:13]} Bf6 {[%clk 0:08:41]} 31. Bd3 {[%clk 0:10:22]} Qg7
{[%clk 0:09:01]} 32. Kg1 {[%clk 0:06:58]} Be7 {[%clk 0:08:09]} 33. Rcg2
{[%clk 0:06:48]} Rag8 {[%clk 0:07:29]} 34. Qf2 {[%clk 0:05:02]} Kf8
{[%clk 0:05:24]} 35. Kf1 {[%clk 0:03:58]} Bd8 {[%clk 0:03:15]} 36. Ke2
{[%clk 0:03:58]} Qe7 {[%clk 0:02:50]} 37. a3 {[%clk 0:03:05]} Kg7
{[%clk 0:02:32]} 38. Kd2 {[%clk 0:01:29]} Qe8 {[%clk 0:01:49]} 39. Kc2
{[%clk 0:01:43]} Be7 {[%clk 0:01:14]} 40. Nc3 {[%clk 0:31:36]} Rxh2
{[%clk 0:30:32]} 41. Rxh2 {[%clk 0:28:44]} Rh8 {[%clk 0:30:59]} 42. Bf5
{[%clk 0:22:31]} Bc8 {[%clk 0:16:58]} 43. Rxh8 {[%clk 0:13:03]} Qxh8
{[%clk 0:17:03]} 44. Bxc8 {[%clk 0:12:50]} Qxc8 {[%clk 0:17:28]} 45. Qe2
{[%clk 0:12:55]} Qd7 {[%clk 0:13:05]} 46. Kd1 {[%clk 0:12:08]} Qe8
{[%clk 0:08:09]} 47. Qe4 {[%clk 0:06:37]} Qh8 {[%clk 0:04:33]} 48. Nxa4
{[%clk 0:06:33]} Qh2 {[%clk 0:04:21]} 49. Qe2 {[%clk 0:06:22]} Qg1+
{[%clk 0:04:30]} 50. Kc2 {[%clk 0:06:47]} Bh4 {[%clk 0:04:31]} 51. Nc3
{[%clk 0:06:09]} Bf2 {[%clk 0:03:38]} 52. Nb5 {[%clk 0:05:22]} Be3
{[%clk 0:03:24]} 53. Nxc7 {[%clk 0:05:04]} Kf6 {[%clk 0:03:31]} 54. Qd3
{[%clk 0:03:30]} Qf2+ {[%clk 0:01:54]} 55. Kb3 {[%clk 0:03:50]} Qxf3
{[%clk 0:00:34]} 56. Qf5+ {[%clk 0:04:01]} Ke7 {[%clk 0:01:02]} 57. Qh7+
{[%clk 0:04:21]} 1-0

[Event "European Individual Chess Championship 2017"]
[Site "?"]
[Date "2017.06.08"]
[Round "9.65"]
[White "Lysyj, Igor"]
[Black "Potapov, Pavel"]
[Result "1/2-1/2"]
[BlackElo "2497"]
[WhiteElo "2643"]
[LiveChessVersion "1.4.8"]

1. d4 {[%clk 1:30:57]} f5 {[%clk 1:30:52]} 2. Bg5 {[%clk 1:31:22]} g6
{[%clk 1:30:42]} 3. e3 {[%clk 1:29:52]} Bg7 {[%clk 1:28:20]} 4. Nc3
{[%clk 1:29:35]} Nf6 {[%clk 1:26:51]} 5. h4 {[%clk 1:28:39]} d5 {[%clk 1:23:19]}
6. h5 {[%clk 1:27:00]} Be6 {[%clk 1:18:22]} 7. h6 {[%clk 1:21:04]} Bf8
{[%clk 1:18:47]} 8. Nf3 {[%clk 1:15:19]} Nbd7 {[%clk 1:17:27]} 9. Bf4
{[%clk 1:09:52]} c6 {[%clk 1:16:08]} 10. Bd3 {[%clk 1:09:43]} Bf7
{[%clk 1:15:17]} 11. Ne5 {[%clk 1:09:15]} e6 {[%clk 1:13:30]} 12. Qf3
{[%clk 0:51:47]} Nxe5 {[%clk 1:04:19]} 13. Bxe5 {[%clk 0:52:12]} Bd6
{[%clk 1:04:34]} 14. Qg3 {[%clk 0:52:00]} Bxe5 {[%clk 1:00:45]} 15. Qxe5
{[%clk 0:52:22]} Rg8 {[%clk 0:59:48]} 16. O-O-O {[%clk 0:43:16]} Qe7
{[%clk 0:52:38]} 17. f3 {[%clk 0:36:22]} O-O-O {[%clk 0:50:54]} 18. g4
{[%clk 0:36:13]} Nd7 {[%clk 0:46:59]} 19. Qg3 {[%clk 0:32:29]} e5
{[%clk 0:43:12]} 20. dxe5 {[%clk 0:28:33]} Qxe5 {[%clk 0:43:12]} 21. f4
{[%clk 0:19:17]} Qf6 {[%clk 0:41:10]} 22. gxf5 {[%clk 0:14:40]} gxf5
{[%clk 0:37:50]} 23. Qh3 {[%clk 0:15:08]} Rg4 {[%clk 0:32:56]} 24. Rdg1
{[%clk 0:15:27]} Rdg8 {[%clk 0:32:02]} 25. Rxg4 {[%clk 0:15:32]} Rxg4
{[%clk 0:32:04]} 26. Ne2 {[%clk 0:14:28]} c5 {[%clk 0:26:13]} 27. Rg1
{[%clk 0:13:13]} Rxg1+ {[%clk 0:23:50]} 28. Nxg1 {[%clk 0:13:04]} Bg6
{[%clk 0:23:38]} 29. Nf3 {[%clk 0:09:03]} c4 {[%clk 0:20:34]} 30. Be2
{[%clk 0:09:32]} c3 {[%clk 0:19:30]} 31. Nd4 {[%clk 0:09:56]} cxb2+
{[%clk 0:19:20]} 32. Kxb2 {[%clk 0:08:20]} Qb6+ {[%clk 0:17:07]} 33. Kc1
{[%clk 0:08:42]} Qa5 {[%clk 0:16:47]} 34. Bd3 {[%clk 0:03:34]} Qe1+
{[%clk 0:16:26]} 35. Kb2 {[%clk 0:04:03]} Qb4+ {[%clk 0:16:38]} 36. Kc1
{[%clk 0:03:48]} Qe1+ {[%clk 0:16:57]} 37. Kb2 {[%clk 0:04:17]} Qb4+
{[%clk 0:17:21]} 38. Kc1 {[%clk 0:02:19]} Qe1+ {[%clk 0:17:39]} 1/2-1/2

[Event "European Individual Chess Championship 2017"]
[Site "?"]
[Date "2017.06.08"]
[Round "9.66"]
[White "Sanikidze, Tornike"]
[Black "Bartel, Mateusz"]
[Result "1-0"]
[BlackElo "2637"]
[WhiteElo "2518"]
[LiveChessVersion "1.4.8"]

1. d4 {[%clk 1:30:57]} f5 {[%clk 1:30:53]} 2. Bg5 {[%clk 1:29:59]} g6
{[%clk 1:31:14]} 3. Nc3 {[%clk 1:29:42]} Bg7 {[%clk 1:31:36]} 4. Qd2
{[%clk 1:28:22]} d5 {[%clk 1:31:13]} 5. f3 {[%clk 1:26:58]} Nc6 {[%clk 1:14:23]}
6. e3 {[%clk 1:25:35]} Be6 {[%clk 1:14:45]} 7. Bb5 {[%clk 1:24:11]} Nf6
{[%clk 1:14:29]} 8. Nge2 {[%clk 1:15:17]} Bf7 {[%clk 1:10:20]} 9. Na4
{[%clk 1:03:43]} Nd7 {[%clk 1:04:26]} 10. Bxc6 {[%clk 1:03:47]} bxc6
{[%clk 1:04:47]} 11. Qc3 {[%clk 1:04:09]} h6 {[%clk 1:05:09]} 12. Bf4
{[%clk 1:02:31]} g5 {[%clk 1:05:31]} 13. Be5 {[%clk 1:01:30]} Nxe5
{[%clk 1:05:10]} 14. dxe5 {[%clk 1:01:54]} O-O {[%clk 1:03:51]} 15. f4
{[%clk 1:00:06]} e6 {[%clk 0:59:05]} 16. Nd4 {[%clk 0:56:15]} gxf4
{[%clk 0:57:10]} 17. exf4 {[%clk 0:56:39]} Qh4+ {[%clk 0:57:31]} 18. g3
{[%clk 0:55:52]} Qh3 {[%clk 0:55:25]} 19. O-O-O {[%clk 0:54:15]} Rfe8
{[%clk 0:54:59]} 20. Nc5 {[%clk 0:52:12]} Rab8 {[%clk 0:51:30]} 21. Nxc6
{[%clk 0:49:43]} Rb6 {[%clk 0:51:59]} 22. Nd7 {[%clk 0:47:28]} Kh8
{[%clk 0:52:26]} 23. a4 {[%clk 0:36:04]} Bh5 {[%clk 0:50:27]} 24. Nxb6
{[%clk 0:32:21]} cxb6 {[%clk 0:46:56]} 25. Nxa7 {[%clk 0:21:08]} Bxd1
{[%clk 0:46:36]} 26. Rxd1 {[%clk 0:21:33]} Qxh2 {[%clk 0:47:00]} 27. Nc8
{[%clk 0:20:12]} h5 {[%clk 0:47:28]} 28. Qc6 {[%clk 0:18:51]} Rf8
{[%clk 0:47:56]} 29. Ne7 {[%clk 0:14:11]} Qxg3 {[%clk 0:48:04]} 30. Qxe6
{[%clk 0:14:36]} Kh7 {[%clk 0:48:30]} 31. Nxd5 {[%clk 0:12:43]} h4
{[%clk 0:48:58]} 32. Nf6+ {[%clk 0:12:13]} Bxf6 {[%clk 0:49:25]} 33. exf6
{[%clk 0:12:39]} Qxf4+ {[%clk 0:47:21]} 34. Kb1 {[%clk 0:13:03]} Qg5
{[%clk 0:47:40]} 35. Qe7+ {[%clk 0:13:00]} 1-0

[Event "European Individual Chess Championship 2017"]
[Site "?"]
[Date "2017.06.08"]
[Round "9.67"]
[White "Moskalenko, Alexander"]
[Black "Andriasian, Zaven"]
[Result "1/2-1/2"]
[BlackElo "2622"]
[WhiteElo "2514"]
[LiveChessVersion "1.4.8"]

1. e4 {[%clk 1:30:52]} c5 {[%clk 1:30:47]} 2. Nf3 {[%clk 1:31:14]} d6
{[%clk 1:31:09]} 3. Bb5+ {[%clk 1:30:57]} Nc6 {[%clk 1:31:23]} 4. O-O
{[%clk 1:31:05]} Bd7 {[%clk 1:31:42]} 5. Re1 {[%clk 1:31:20]} Nf6
{[%clk 1:31:41]} 6. c3 {[%clk 1:31:29]} a6 {[%clk 1:32:03]} 7. Bf1
{[%clk 1:30:33]} Bg4 {[%clk 1:32:22]} 8. d4 {[%clk 1:30:31]} Bxf3
{[%clk 1:25:49]} 9. gxf3 {[%clk 1:29:49]} cxd4 {[%clk 1:12:19]} 10. cxd4
{[%clk 1:28:07]} e5 {[%clk 1:12:36]} 11. d5 {[%clk 1:28:29]} Nb8 {[%clk 1:12:28]}
12. Qb3 {[%clk 1:26:19]} Nbd7 {[%clk 1:10:24]} 13. Qxb7 {[%clk 1:25:00]} Be7
{[%clk 1:09:46]} 14. Be3 {[%clk 1:15:43]} O-O {[%clk 1:09:21]} 15. Nd2
{[%clk 1:15:45]} Nh5 {[%clk 0:53:52]} 16. b4 {[%clk 0:53:17]} Bg5
{[%clk 0:45:36]} 17. Nc4 {[%clk 0:48:51]} Bxe3 {[%clk 0:36:56]} 18. fxe3
{[%clk 0:47:30]} f5 {[%clk 0:34:31]} 19. exf5 {[%clk 0:42:13]} Rb8
{[%clk 0:34:39]} 20. Qc6 {[%clk 0:36:50]} Rc8 {[%clk 0:31:21]} 21. Qxa6
{[%clk 0:33:44]} Qg5+ {[%clk 0:19:00]} 22. Bg2 {[%clk 0:23:42]} e4
{[%clk 0:14:10]} 23. f4 {[%clk 0:21:42]} Qh4 {[%clk 0:14:34]} 24. Nxd6
{[%clk 0:20:55]} Ndf6 {[%clk 0:13:40]} 25. h3 {[%clk 0:16:05]} Rc2
{[%clk 0:12:36]} 26. Re2 {[%clk 0:16:11]} Rc3 {[%clk 0:12:48]} 27. Nb5
{[%clk 0:09:46]} Rd3 {[%clk 0:12:07]} 28. Qe6+ {[%clk 0:09:48]} Kh8
{[%clk 0:12:32]} 29. Nd6 {[%clk 0:10:03]} Ng3 {[%clk 0:10:40]} 30. Ree1
{[%clk 0:08:28]} Rd2 {[%clk 0:10:24]} 31. Qe7 {[%clk 0:08:20]} Kg8
{[%clk 0:08:40]} 32. Qe6+ {[%clk 0:08:47]} Kh8 {[%clk 0:09:07]} 33. Qe7
{[%clk 0:08:47]} Kg8 {[%clk 0:08:45]} 34. Rac1 {[%clk 0:06:02]} Ne2+
{[%clk 0:08:04]} 35. Rxe2 {[%clk 0:06:31]} Rxe2 {[%clk 0:08:28]} 36. Nxe4
{[%clk 0:06:56]} Ra8 {[%clk 0:06:26]} 37. Qe6+ {[%clk 0:03:14]} Kh8
{[%clk 0:06:46]} 38. Rc8+ {[%clk 0:03:35]} Rxc8 {[%clk 0:07:09]} 39. Qxc8+
{[%clk 0:04:02]} Ng8 {[%clk 0:07:35]} 40. f6 {[%clk 0:32:29]} gxf6
{[%clk 0:35:17]} 41. Qc3 {[%clk 0:17:12]} Kg7 {[%clk 0:30:54]} 42. d6
{[%clk 0:13:26]} Nh6 {[%clk 0:29:00]} 43. d7 {[%clk 0:11:34]} Re1+
{[%clk 0:26:18]} 44. Bf1 {[%clk 0:12:00]} Rd1 {[%clk 0:25:26]} 45. Kg2
{[%clk 0:10:44]} Rxd7 {[%clk 0:22:48]} 46. Ng3 {[%clk 0:10:34]} Ra7
{[%clk 0:22:13]} 47. Qc8 {[%clk 0:02:56]} f5 {[%clk 0:10:08]} 48. Kf3
{[%clk 0:02:48]} Rxa2 {[%clk 0:07:35]} 49. Qd7+ {[%clk 0:02:46]} Kf8
{[%clk 0:07:59]} 50. Qd6+ {[%clk 0:02:50]} Kg7 {[%clk 0:07:55]} 51. Qd7+
{[%clk 0:02:19]} Kf8 {[%clk 0:08:16]} 52. Qd6+ {[%clk 0:02:37]} Kg7
{[%clk 0:08:39]} 53. Qxh6+ {[%clk 0:02:54]} Kxh6 {[%clk 0:08:48]} 54. Nxf5+
{[%clk 0:03:19]} Kh5 {[%clk 0:09:16]} 55. Nxh4 {[%clk 0:03:44]} Kxh4
{[%clk 0:09:44]} 56. e4 {[%clk 0:01:37]} Ra3+ {[%clk 0:08:35]} 57. Kf2
{[%clk 0:01:57]} h5 {[%clk 0:04:01]} 58. Be2 {[%clk 0:01:59]} Ra4
{[%clk 0:04:18]} 59. e5 {[%clk 0:02:11]} Rxb4 {[%clk 0:04:44]} 60. Kf3
{[%clk 0:02:16]} Rb6 {[%clk 0:01:07]} 61. Bc4 {[%clk 0:02:25]} Rb4
{[%clk 0:01:17]} 62. Bd5 {[%clk 0:02:47]} Rb6 {[%clk 0:01:09]} 63. Bf7
{[%clk 0:02:18]} Ra6 {[%clk 0:01:10]} 64. Bd5 {[%clk 0:02:09]} Ra3+
{[%clk 0:01:08]} 65. Kf2 {[%clk 0:02:16]} Ra6 {[%clk 0:00:49]} 66. Ke3
{[%clk 0:02:21]} Ra3+ {[%clk 0:00:37]} 67. Kd4 {[%clk 0:02:34]} Ra4+
{[%clk 0:00:37]} 68. Ke3 {[%clk 0:01:56]} Ra3+ {[%clk 0:00:34]} 69. Kd4
{[%clk 0:01:06]} Ra4+ {[%clk 0:00:57]} 70. Bc4 {[%clk 0:01:13]} Kxh3
{[%clk 0:01:21]} 71. e6 {[%clk 0:00:52]} Kg4 {[%clk 0:01:47]} 72. e7
{[%clk 0:00:59]} Ra8 {[%clk 0:02:14]} 73. Ke5 {[%clk 0:00:41]} Re8
{[%clk 0:02:40]} 74. Ke4 1/2-1/2

[Event "European Individual Chess Championship 2017"]
[Site "?"]
[Date "2017.06.08"]
[Round "9.68"]
[White "Rozum, Ivan"]
[Black "Minasian, Artashes"]
[Result "1-0"]
[BlackElo "2480"]
[WhiteElo "2606"]
[LiveChessVersion "1.4.8"]

1. d4 {[%clk 1:30:52]} d5 {[%clk 1:30:29]} 2. c4 {[%clk 1:30:58]} e6
{[%clk 1:30:53]} 3. Nf3 {[%clk 1:30:49]} c6 {[%clk 1:31:14]} 4. Nbd2
{[%clk 1:27:11]} f5 {[%clk 1:31:24]} 5. g3 {[%clk 1:27:29]} Nf6 {[%clk 1:31:36]}
6. Bg2 {[%clk 1:27:54]} Bd6 {[%clk 1:31:55]} 7. O-O {[%clk 1:28:19]} O-O
{[%clk 1:32:20]} 8. Ne5 {[%clk 1:27:35]} c5 {[%clk 1:28:32]} 9. Ndf3
{[%clk 1:21:10]} Nc6 {[%clk 1:24:20]} 10. cxd5 {[%clk 1:15:38]} exd5
{[%clk 1:24:26]} 11. Bf4 {[%clk 1:12:37]} cxd4 {[%clk 1:07:41]} 12. Rc1
{[%clk 1:10:29]} Nxe5 {[%clk 1:06:40]} 13. Bxe5 {[%clk 1:10:34]} Bxe5
{[%clk 1:05:59]} 14. Nxe5 {[%clk 1:11:00]} Qb6 {[%clk 1:06:13]} 15. Rc2
{[%clk 1:02:31]} f4 {[%clk 1:03:02]} 16. gxf4 {[%clk 0:58:19]} Bf5
{[%clk 0:40:23]} 17. Rd2 {[%clk 0:58:23]} Be4 {[%clk 0:37:34]} 18. Qb3
{[%clk 0:49:27]} Bxg2 {[%clk 0:34:58]} 19. Kxg2 {[%clk 0:49:46]} Qa6
{[%clk 0:24:09]} 20. Rc1 {[%clk 0:42:48]} Rad8 {[%clk 0:20:28]} 21. Qd3
{[%clk 0:25:08]} Qe6 {[%clk 0:19:29]} 22. Qf3 {[%clk 0:18:20]} g5
{[%clk 0:13:53]} 23. Rxd4 {[%clk 0:17:26]} gxf4 {[%clk 0:14:15]} 24. Qxf4
{[%clk 0:11:06]} Rde8 {[%clk 0:08:55]} 25. Qg3+ {[%clk 0:07:01]} Kh8
{[%clk 0:09:19]} 26. Rc7 {[%clk 0:07:25]} Re7 {[%clk 0:06:11]} 27. Rxe7
{[%clk 0:07:19]} Qxe7 {[%clk 0:06:38]} 28. Rh4 {[%clk 0:07:04]} 1-0

[Event "European Individual Chess Championship 2017"]
[Site "?"]
[Date "2017.06.08"]
[Round "9.69"]
[White "Vocaturo, Daniele"]
[Black "Teterev, Vitaly"]
[Result "1/2-1/2"]
[BlackElo "2487"]
[WhiteElo "2604"]
[LiveChessVersion "1.4.8"]

1. d4 {[%clk 1:30:48]} Nf6 {[%clk 1:30:37]} 2. c4 {[%clk 1:30:37]} g6
{[%clk 1:31:03]} 3. Nc3 {[%clk 1:30:57]} Bg7 {[%clk 1:31:29]} 4. e4
{[%clk 1:31:00]} d6 {[%clk 1:31:55]} 5. f3 {[%clk 1:30:50]} O-O {[%clk 1:32:00]}
6. Be3 {[%clk 1:30:39]} c6 {[%clk 1:28:21]} 7. Bd3 {[%clk 1:29:44]} a6
{[%clk 1:22:48]} 8. Qd2 {[%clk 1:26:49]} b5 {[%clk 1:20:57]} 9. Rc1
{[%clk 1:23:56]} Nbd7 {[%clk 1:17:33]} 10. Nge2 {[%clk 1:23:40]} e5
{[%clk 1:15:11]} 11. d5 {[%clk 1:18:27]} bxc4 {[%clk 1:07:32]} 12. Bxc4
{[%clk 1:18:39]} c5 {[%clk 1:07:18]} 13. b3 {[%clk 1:10:22]} Ne8 {[%clk 1:06:50]}
14. O-O {[%clk 0:57:39]} Nc7 {[%clk 1:04:04]} 15. g4 {[%clk 0:51:58]} Rb8
{[%clk 0:55:18]} 16. Bd3 {[%clk 0:50:29]} Nb5 {[%clk 0:53:29]} 17. Nxb5
{[%clk 0:50:46]} axb5 {[%clk 0:53:54]} 18. b4 {[%clk 0:50:55]} c4
{[%clk 0:50:05]} 19. Bc2 {[%clk 0:49:49]} Nb6 {[%clk 0:48:35]} 20. Nc3
{[%clk 0:49:49]} Bd7 {[%clk 0:48:40]} 21. Kh1 {[%clk 0:48:11]} Qc7
{[%clk 0:47:37]} 22. Qf2 {[%clk 0:40:41]} Rb7 {[%clk 0:45:29]} 23. h4
{[%clk 0:34:54]} Ra8 {[%clk 0:42:13]} 24. h5 {[%clk 0:27:18]} Ra3
{[%clk 0:41:54]} 25. Bd1 {[%clk 0:27:25]} Be8 {[%clk 0:31:30]} 26. Kg2
{[%clk 0:24:27]} Qd8 {[%clk 0:30:35]} 27. Rh1 {[%clk 0:24:02]} Bf6
{[%clk 0:29:31]} 28. Qd2 {[%clk 0:24:07]} Nd7 {[%clk 0:18:44]} 29. Rh2
{[%clk 0:19:54]} Nb6 {[%clk 0:12:23]} 30. Kh1 {[%clk 0:19:14]} Ra8
{[%clk 0:10:11]} 31. Bc2 {[%clk 0:18:43]} Ra3 {[%clk 0:10:12]} 32. Rf1
{[%clk 0:17:57]} Nd7 {[%clk 0:09:00]} 33. Bd1 {[%clk 0:16:38]} Nf8
{[%clk 0:06:21]} 34. Qc1 {[%clk 0:15:38]} Ra8 {[%clk 0:05:19]} 35. Rff2
{[%clk 0:14:56]} Bh4 {[%clk 0:03:53]} 36. Rfg2 {[%clk 0:14:57]} Bf6
{[%clk 0:03:56]} 37. Rb2 {[%clk 0:14:43]} Qb8 {[%clk 0:03:51]} 38. Rb1
{[%clk 0:13:49]} Bd8 {[%clk 0:03:30]} 39. Bf2 {[%clk 0:13:53]} Bf6
{[%clk 0:02:24]} 40. Bg1 {[%clk 0:43:44]} Qd8 {[%clk 0:32:10]} 41. Be3
{[%clk 0:43:47]} Qb8 {[%clk 0:30:23]} 42. a3 {[%clk 0:42:37]} Nd7
{[%clk 0:21:49]} 43. Ra2 {[%clk 0:32:31]} Bd8 {[%clk 0:17:33]} 44. a4
{[%clk 0:28:32]} bxa4 {[%clk 0:16:02]} 45. Bxa4 {[%clk 0:28:35]} Bb6
{[%clk 0:14:07]} 46. Bxd7 {[%clk 0:22:19]} Rxa2 {[%clk 0:12:05]} 47. Bxb6
{[%clk 0:13:40]} Bxd7 {[%clk 0:11:53]} 48. Nxa2 {[%clk 0:13:41]} Rxb6
{[%clk 0:12:22]} 49. Qb2 {[%clk 0:13:13]} Ba4 {[%clk 0:10:26]} 50. Nc3
{[%clk 0:13:35]} Bb3 {[%clk 0:10:51]} 51. b5 {[%clk 0:13:36]} Qd8
{[%clk 0:10:40]} 52. Qf2 {[%clk 0:13:11]} Rb8 {[%clk 0:06:50]} 53. Ra1
{[%clk 0:12:44]} Qg5 {[%clk 0:06:04]} 54. hxg6 {[%clk 0:11:59]} hxg6
{[%clk 0:06:16]} 55. Kg2 {[%clk 0:10:17]} Kg7 {[%clk 0:05:39]} 56. b6
{[%clk 0:09:22]} Rh8 {[%clk 0:03:28]} 57. Rh1 {[%clk 0:03:18]} Rxh1
{[%clk 0:03:34]} 58. Kxh1 {[%clk 0:03:43]} Qc1+ {[%clk 0:04:03]} 59. Kg2
{[%clk 0:03:15]} Qxc3 {[%clk 0:04:26]} 60. b7 {[%clk 0:03:40]} Qb4
{[%clk 0:04:50]} 61. Qa7 {[%clk 0:04:02]} Qd2+ {[%clk 0:05:13]} 62. Qf2
{[%clk 0:03:24]} Qb4 {[%clk 0:05:38]} 63. Qa7 {[%clk 0:03:33]} Qd2+
{[%clk 0:06:02]} 64. Qf2 {[%clk 0:03:50]} 1/2-1/2

[Event "European Individual Chess Championship 2017"]
[Site "?"]
[Date "2017.06.08"]
[Round "9.70"]
[White "Meskovs, Nikita"]
[Black "Gledura, Benjamin"]
[Result "0-1"]
[BlackElo "2602"]
[WhiteElo "2504"]
[LiveChessVersion "1.4.8"]

1. c4 g6 2. d4 d6 3. Nc3 Nd7 4. e4 e5 5. Nf3 Ngf6 6. Be3 Bg7 7. Be2 O-O 8. O-O
Qe7 9. d5 Ng4 10. Bg5 f6 11. Bh4 h5 12. Ne1 Nh6 13. f3 g5 14. Bf2 f5 15. exf5
Nxf5 16. Ne4 c5 17. dxc6 bxc6 18. Qd2 Nd4 19. Bd3 Nc5 20. Qxg5 Qxg5 21. Nxg5 Rb8
22. Ne4 Rxb2 23. Nxc5 dxc5 24. Be4 Rb4 25. Bxd4 exd4 26. Nd3 Rxc4 27. Rfc1 Rc3
28. Nxc5 Bh6 29. Rxc3 dxc3 30. Kf2 Rd8 31. Rb1 c2 32. Bxc2 Rd2+ 33. Kg3 Rxc2 34.
Ne4 Bg7 35. f4 Bf5 36. Rb8+ Kf7 0-1

[Event "European Individual Chess Championship 2017"]
[Site "?"]
[Date "2017.06.08"]
[Round "9.71"]
[White "Fedorov, Alexei"]
[Black "Sychev, Klementy"]
[Result "0-1"]
[BlackElo "2459"]
[WhiteElo "2598"]
[LiveChessVersion "1.4.8"]

1. e4 {[%clk 1:30:56]} e6 {[%clk 1:30:56]} 2. d4 {[%clk 1:30:40]} d5
{[%clk 1:31:00]} 3. Nc3 {[%clk 1:31:03]} Nf6 {[%clk 1:31:26]} 4. e5
{[%clk 1:31:22]} Nfd7 {[%clk 1:31:51]} 5. Nce2 {[%clk 1:31:39]} c5
{[%clk 1:32:16]} 6. c3 {[%clk 1:32:03]} Nc6 {[%clk 1:32:43]} 7. Nf3
{[%clk 1:32:14]} Qa5 {[%clk 1:33:04]} 8. a3 {[%clk 1:31:13]} cxd4
{[%clk 1:33:13]} 9. b4 {[%clk 1:31:32]} Qc7 {[%clk 1:33:40]} 10. cxd4
{[%clk 1:31:49]} b5 {[%clk 1:34:08]} 11. Rb1 {[%clk 1:22:36]} Nb6
{[%clk 1:27:10]} 12. Nf4 {[%clk 1:21:10]} Nc4 {[%clk 1:26:04]} 13. Be2
{[%clk 1:18:57]} a5 {[%clk 0:59:49]} 14. O-O {[%clk 1:02:50]} axb4
{[%clk 0:59:21]} 15. axb4 {[%clk 1:03:14]} Bxb4 {[%clk 0:37:10]} 16. Nh5
{[%clk 1:02:53]} Kf8 {[%clk 0:37:24]} 17. Ne1 {[%clk 0:54:36]} h6
{[%clk 0:29:39]} 18. Nc2 {[%clk 0:54:11]} Be7 {[%clk 0:29:48]} 19. Rxb5
{[%clk 0:53:37]} Ba6 {[%clk 0:20:11]} 20. Rb3 {[%clk 0:53:16]} g6
{[%clk 0:20:25]} 21. Nf4 {[%clk 0:52:37]} Bg5 {[%clk 0:05:04]} 22. Rh3
{[%clk 0:40:44]} Kg8 {[%clk 0:04:45]} 23. Nd3 {[%clk 0:40:37]} Bxc1
{[%clk 0:03:22]} 24. Qxc1 {[%clk 0:40:57]} Bb5 {[%clk 0:02:47]} 25. Rxh6
{[%clk 0:34:29]} Rxh6 {[%clk 0:01:46]} 26. Qxh6 {[%clk 0:34:52]} Ra2
{[%clk 0:01:14]} 27. Nde1 {[%clk 0:33:55]} Ba4 {[%clk 0:01:23]} 28. Bxc4
{[%clk 0:32:28]} Rxc2 {[%clk 0:00:58]} 29. Nxc2 {[%clk 0:32:44]} Bxc2
{[%clk 0:01:23]} 30. Bb5 {[%clk 0:28:30]} Nxd4 {[%clk 0:01:47]} 31. Ra1
{[%clk 0:28:30]} Qb8 {[%clk 0:01:30]} 32. Bf1 {[%clk 0:28:41]} Be4
{[%clk 0:00:44]} 33. f3 {[%clk 0:25:30]} Nxf3+ {[%clk 0:00:49]} 34. Kh1
{[%clk 0:17:42]} Nxe5 {[%clk 0:01:17]} 35. h3 {[%clk 0:17:59]} Nf3
{[%clk 0:00:36]} 0-1

[Event "European Individual Chess Championship 2017"]
[Site "?"]
[Date "2017.06.08"]
[Round "9.72"]
[White "Ali Marandi, Cemil Can"]
[Black "Bogdanovich, Stanislav"]
[Result "1-0"]
[BlackElo "2596"]
[WhiteElo "2479"]
[LiveChessVersion "1.4.8"]

1. e4 {[%clk 1:30:57]} e6 {[%clk 1:30:58]} 2. d4 {[%clk 1:30:23]} d5
{[%clk 1:31:26]} 3. Bd3 {[%clk 1:29:36]} Nc6 {[%clk 1:25:28]} 4. Ne2
{[%clk 1:26:45]} Nb4 {[%clk 1:24:10]} 5. O-O {[%clk 1:24:16]} Nxd3
{[%clk 1:21:31]} 6. Qxd3 {[%clk 1:23:37]} dxe4 {[%clk 1:21:24]} 7. Qxe4
{[%clk 1:22:23]} Nf6 {[%clk 1:21:51]} 8. Qf3 {[%clk 1:21:32]} Be7
{[%clk 1:16:34]} 9. Nbc3 {[%clk 1:21:01]} O-O {[%clk 1:16:34]} 10. Re1
{[%clk 1:21:05]} Rb8 {[%clk 1:11:47]} 11. Bf4 {[%clk 1:16:13]} b6
{[%clk 1:11:04]} 12. Be5 {[%clk 1:16:15]} Bb7 {[%clk 1:02:08]} 13. Qg3
{[%clk 1:15:58]} Nh5 {[%clk 1:00:05]} 14. Qh3 {[%clk 1:15:49]} g6
{[%clk 0:56:48]} 15. Ng3 {[%clk 1:12:35]} Ng7 {[%clk 0:49:00]} 16. Bxg7
{[%clk 1:02:43]} Kxg7 {[%clk 0:49:26]} 17. Rad1 {[%clk 1:03:04]} b5
{[%clk 0:37:08]} 18. a3 {[%clk 0:50:23]} a5 {[%clk 0:36:15]} 19. Nce4
{[%clk 0:48:27]} Qd5 {[%clk 0:31:05]} 20. Nc3 {[%clk 0:46:57]} Qc4
{[%clk 0:29:33]} 21. b3 {[%clk 0:45:07]} Qc6 {[%clk 0:30:01]} 22. d5
{[%clk 0:45:24]} Qe8 {[%clk 0:27:42]} 23. dxe6 {[%clk 0:43:31]} fxe6
{[%clk 0:24:37]} 24. Qxe6 {[%clk 0:42:06]} Bc5 {[%clk 0:19:22]} 25. Qd7+
{[%clk 0:33:30]} Qxd7 {[%clk 0:18:56]} 26. Rxd7+ {[%clk 0:33:57]} Kh8
{[%clk 0:19:12]} 27. Nce4 {[%clk 0:29:14]} Rbe8 {[%clk 0:18:26]} 28. Kf1
{[%clk 0:29:27]} Bb6 {[%clk 0:16:52]} 29. Re2 {[%clk 0:19:53]} b4
{[%clk 0:14:58]} 30. Nf6 {[%clk 0:19:49]} 1-0